000 00358nam a22001217a 4500
040 _cSK
082 _a178
100 _aង៉ោ ប៊ុនថាន
245 _aProject development and management; ការអភិវឌ្ឍន៏ និងគ្រប់គ្រងគំរោង
260 _aRUA
_bង៉ោ
_c2008
300 _a51p.
942 _cKB
999 _c9998
_d9998